Truyện Kiều

Сохранить в:
Библиографические подробности
Главный автор: Nguyễn, Du
Формат:
Язык:Undetermined
Опубликовано: Đà Nẵng Nhà xuất bản Đà Nẵng 1997
Предметы:
Метки: Добавить метку
Нет меток, Требуется 1-ая метка записи!
Thư viện lưu trữ: Trung tâm Học liệu Trường Đại học Cần Thơ
LEADER 00577nam a2200193Ia 4500
001 CTU_28624
008 210402s9999 xx 000 0 und d
020 |b .000đ 
082 |a 895.92211 
082 |b D500kk 
100 |a Nguyễn, Du 
245 0 |a Truyện Kiều 
245 0 |c Nguyễn Du; Bùi Kỷ, Trần Trọng Kim hiệu khảo 
260 |a Đà Nẵng 
260 |b Nhà xuất bản Đà Nẵng 
260 |c 1997 
650 |a Kieu story 
904 |i Nguyễn Quang Điền 
980 |a Trung tâm Học liệu Trường Đại học Cần Thơ